000
00435nam a2200145Ia 4500
008
100204s9999 xx 000 0 und d
082
_b
16104
100
_a
पोतदार भारती
245
_a
अंकुर
260
_b
"मराठी जनसाहित्य परिषद , अमरावती"
_c
1991
300
_a
108
630
_a
अंकुर
730
_a
अंकुर
942
_c
BOOK
999
_c
460527
_d
460524